| 000 | 01079cam a2200253 4500 | ||
|---|---|---|---|
| 001 | agr67000076 | ||
| 003 | DLC | ||
| 005 | 20260227111026.0 | ||
| 008 | 700127s1966 dcu s 000 0 eng c | ||
| 010 | _aagr67000076 | ||
| 040 |
_aU.S. Nat'l Agr. Libr. _cDLC _dDLC |
||
| 050 | 0 | 0 |
_aHD1751 _b.A5 no. 383 |
| 051 |
_aHD9435 _b.U5A5 1966 _cCopy 2. |
||
| 070 | 0 | _a1 Ag84St no. 383 | |
| 110 | 1 |
_aUnited States. _bCrop Reporting Board. |
|
| 245 | 1 | 0 |
_aHog inventory and pig crops, by States, 1960-1964; _brevised estimates. |
| 260 |
_aWashington, _c1966. |
||
| 300 |
_a27 p. _c26 cm. |
||
| 490 | 1 |
_aUnited States. Dept. of Agriculture. Statistical bulletin _vno. 383 |
|
| 500 | _aContinues the Board's Pig crops, by States, 1955-59: sows farrowing, pigs per litter, pigs saved. Selected States, 1954-59; inventory numbers by quarters. Revised estimates. Issued as Statistical bulletin no. 276. | ||
| 650 | 0 |
_aSwine _zUnited States _xStatistics. |
|
| 651 | 3 |
_aUnited States _xSwine _xStatistics. |
|
| 830 | 0 |
_aStatistical bulletin (United States. Department of Agriculture) ; _vno. 383. |
|
| 999 |
_c12165 _d12165 |
||